| 000 | 00724nam a2200241Ia 4500 | ||
|---|---|---|---|
| 003 | OSt | ||
| 005 | 20251024102151.0 | ||
| 008 | 210716s2016 xx 000 0 und d | ||
| 020 | _a9788126562480 | ||
| 040 | _cAIMIT LIBRARY | ||
| 041 | _aeng | ||
| 082 |
_a005.76821 _21 _bGANI |
||
| 100 |
_aGanelin, Illya. _9242640 |
||
| 245 |
_aSpark: big data cluster computing in production. _bBig data cluster computing in production. |
||
| 250 | _a1 | ||
| 260 |
_aNew Delhi _bWILEY _c2016 |
||
| 300 | _axxi,194 | ||
| 650 |
_aComputer programming, programs, data(005) _9242641 |
||
| 700 |
_aOrhian, Ema. _9242642 |
||
| 700 |
_aSasaki, Kai. _9242643 |
||
| 700 |
_aYork, Brennon. _9242644 |
||
| 942 |
_2ddc _cBK _e1st _k005.76821 GANT |
||
| 999 |
_c195520 _d195520 |
||